ÖZGÜRLÜĞE KAÇIŞIM (Record no. 1089895)

MARC details
000 -LEADER
sabit uzunluktaki kontrol alanı 00247nam a2200097Ia 4500
001 - KONTROL NUMARASI
kontrol alanı 1089895
005 - EN SON İŞLEMİN TARİH VE ZAMANI
kontrol alanı 20250827002831.0
008 - SABİT-UZUNLUKTA VERİ ÖĞELERİ--GENEL BİLGİ
sabit uzunluktaki kontrol alanı 250824s9999 xx 000 0 und d
245 #0 - ESER / YAZAR
ESER ADI ÖZGÜRLÜĞE KAÇIŞIM
Yazar Adı ALİYA İZETBEGOVİÇ
260 ## - YAYIN, DAĞITIM, VB.
YAYIN EVİ KETEBE
Holdings
Düşüm durumu Kayıp durumu Hasar Durumu Ödünç verilmez Ana kütüphane Geçerli Kütüphane Edinilen tarih Toplam ödünç verme sayısı Barkod Son görüntüleme tarihi Fiyatın geçerli olmaya başladığı tarih Koha materyal türü
        MUSTAFA BÜYÜKKAPLAN HAFIZ İMAM HATİP ORTAOKULU (KIZ) MUSTAFA BÜYÜKKAPLAN HAFIZ İMAM HATİP ORTAOKULU (KIZ) 24.08.2025   10395368 27.08.2025 27.08.2025 Books